100 Biggest Urban Areas in France - Statistics

General Stats
  • This quiz has been taken 113 times
  • The average score is 46 of 100
Answer Stats
Pop Urban Area % Correct
12,628,266 Paris
97%
2,323,221 Lyon
96%
1,760,653 Marseille - Aix-en-Provence
96%
1,006,201 Nice
94%
1,247,977 Bordeaux
93%
790,087 Strasbourg
93%
1,191,117 Lille
89%
1,360,829 Toulouse
88%
387,382 Dijon
85%
972,828 Nantes
85%
616,296 Montpellier
83%
733,320 Rennes
81%
321,364 Brest
79%
689,840 Grenoble
78%
288,973 Le Havre
78%
666,035 Rouen
78%
629,334 Toulon
78%
323,022 Reims
75%
128,931 Calais
74%
390,600 Metz
72%
495,379 Tours
72%
435,279 Nancy
71%
439,343 Orléans
71%
268,785 Nîmes
68%
530,267 Avignon
67%
485,315 Clermont-Ferrand
67%
323,388 Perpignan
67%
298,519 Amiens
65%
254,858 Dunkirk
65%
520,640 Saint-Étienne
65%
422,152 Caen
64%
422,654 Angers
63%
285,948 Mulhouse
63%
347,626 Le Mans
61%
216,995 La Rochelle
60%
244,753 Pau
58%
283,556 Limoges
57%
238,283 Annecy
56%
539,666 Douai - Lens
56%
131,314 Colmar
51%
265,779 Poitiers
51%
196,568 Troyes
51%
251,700 Besançon
50%
119,555 Cherbourg-en-Contin
50%
127,437 Quimper
50%
304,890 Bayonne
47%
109,091 Ajaccio
46%
100,006 Carcassonne
44%
219,628 Lorient
44%
181,814 Valence
44%
226,420 Chambéry
43%
93,576 Narbonne
42%
92,058 Auxerre
38%
175,141 Béziers
38%
139,052 Bourges
38%
98,668 Bastia
35%
112,782 Belfort
35%
222,139 Saint-Nazaire
35%
369,264 Valenciennes
35%
158,549 Vannes
33%
135,499 Chalon-sur-Saône
32%
129,256 Boulogne-sur-Mer
31%
112,189 Montauban
31%
131,047 Arras
29%
137,210 Thionville
29%
182,424 Angouleme
28%
128,772 Beauvais
26%
369,151 Béthune
26%
146,665 Chartres
26%
122,681 Laval
26%
157,418 Niort
26%
102,851 Mâcon
25%
100,832 Albi
24%
102,830 Charleville-Mèzieres
24%
325,696 Genève - Annemasse (French part)
24%
97,464 Nevers
24%
108,548 Saint-Quentin
24%
113,582 Agen
22%
126,153 Blois
21%
112,834 Évreux
21%
117,290 Tarbes
21%
96,229 Fréjus
19%
171,693 Saint-Brieuc
19%
115,428 Alès
17%
98,430 Compiègne
17%
121,537 Creil
17%
123,030 La Roche-sur-Yon
17%
127,695 Bourg-en-Bresse
15%
102,934 Périgueux
15%
116,963 Cholet
14%
114,936 Vienne
14%
102,353 Brive-la-Gaillarde
13%
128,968 Maubeuge
13%
159,742 Montbéliard
13%
107,414 Roanne
13%
98,772 Sarrebruck - Forbach
10%
95,932 Bâle - Saint-Louis
8%
92,702 Épinal
8%
95,532 Cluses
7%
93,099 Thonon-les-Bains
7%
No matching quizzes found
Score Distribution
Percent of People with Each Score
Percentile by Number Answered
Your Score History
You have not taken this quiz